000 01631cad a22003135a 4500
001 E147981
008 090708s2009 stk f s000 0 eng d
020 _a9780755975716
022 1 _a0141-514X
035 _a(Sirsi) u147981
041 0 _aeng
050 0 4 _a711.1 $2 18
110 2 _aScotland
_bScottish Government
_95344
245 0 4 _aDevelopment management procedures
_bplanning circular 4 2009
_h[electronic resource]
260 _aEdinburgh
_bScottish Government
_c2009
490 0 _aPlanning Circular
_v(4/2009)
505 2 _aIntroduction -- Pre-application phase -- Making a planning application -- Processing applications -- Post application provisions -- Processing agreements -- Superseded circulars
520 _aSets out the new requirements for processing planning applications under the Town and Country Planning (Development Management Procedure) (Scotland) Regulations 2008 (SSI 2008/432) and the relevant provisions of the Town and Country Planning (Scotland) Act 1997, as amended by the Planning etc. (Scotland) Act 2006.
521 _aAdvanced
590 _aKA
650 2 4 _aTOWN AND COUNTRY PLANNING (DEVELOPMENT MANAGEMENT PROCEDURE) (SCOTLAND) REGULATIONS 2008
650 2 4 _aTOWN AND COUNTRY PLANNING (SCOTLAND) ACT 1997
650 2 4 _aPLANNING ETC. (SCOTLAND) ACT 2006
650 2 4 _aPLANNING ETC. (SCOTLAND) ACT 2006
651 4 _aScotland
_y1999-
690 _aENVIRONMENTAL AND LAND CONSULTANCY-PLANNING AND DEVELOPMENT-PLANNING GUIDANCE
856 4 0 _uhttps://www.scotland.gov.uk/Publications/2009/07/03153034/0
_zView the circular free of charge at www.scotland.gov.uk...
942 _n0
999 _c109826
_d109826